| 000 | 01088nam a22003617a 4500 | ||
|---|---|---|---|
| 001 | 0024886 | ||
| 003 | KOHA_MİRAKIL | ||
| 005 | 20260207002452.0 | ||
| 007 | ta | ||
| 008 | 101112b2007 tu |||gr||||#||||0|tur | | ||
| 020 |
_a9789944771269 _c8,1300000000000008 |
||
| 040 |
_aTR-BiSEU _btur _cTR-BiSEU _erda |
||
| 041 | 0 | _atur | |
| 044 | _ctu | ||
| 050 |
_aHD30.28 _b.T44 2007 |
||
| 100 | 1 | _aTekin, Mahmut. | |
| 245 | 1 |
_aEsnek işletme/ _cMahmut Tekin ; Mahmut Tekin, Muammer Zerenler. |
|
| 264 | 1 |
_aAnkara : _bNobel Yayın Dağıtım _c2007 |
|
| 300 | _a 248 sayfa: resimli | ||
| 336 |
_ametin _btxt _2rdacontent |
||
| 337 |
_aaracısız _bn _2rdamedia |
||
| 338 |
_acilt _bnc _2rdacarrier |
||
| 490 | 1 |
_aNobel yayın ; _vno. |
|
| 490 | 1 | _a1105. | |
| 490 | 1 |
_aİktisadi ve idari bilimler dizisi ; _v177. |
|
| 500 | _aKaynakça var. | ||
| 650 | 0 |
_aİşletmecilik. _96628 |
|
| 650 | 0 |
_aİşletmeler--Yönetim. _950634 |
|
| 830 | 1 |
_aNobel yayın ; _vno. _91510 |
|
| 830 | 1 |
_a1105. _950635 |
|
| 830 | 1 |
_aİktisadi ve idari bilimler dizisi ; _v177. _950636 |
|
| 942 |
_2lcc _cBK |
||
| 999 |
_c24836 _d24836 |
||